000 01314nam a22001817a 4500
999 _c63445
_d63445
003 Ge_BSU
005 20251010160831.0
008 251010s1979 ge ||||| |||| 00| 0 geo d
041 _ageo
080 _a338(479.223) ა-97
245 _aაჭარის ასსრ სახალხო მეურნეობის ზოგიერთი დარგის სოციალურ-ეკონომიკური განვითარების პრობლემები /
_cრედაქტორი კ. ღლონტი; საქართველოს სსრ მეცნიერებათა აკადემია. ბათუმის სამეცნიერო-კვლევითი ინსტიტუტი.
264 _aთბილისი :
_bმეცნიერება,
_c1979.
300 _a153 გვ.;
_b21 სმ.
653 _aაჭარის სახალხო მეურნეობა
700 _aღლონტი, კ.
_eრედაქტორი
_926009
710 _aსაქართველოს სსრ მეცნიერებათა აკადემია
_b ბათუმის სამეცნიერო-კვლევითი ინსტიტუტი.
_914533
942 _2udc
_cᲬᲘᲒᲜᲘ